50 tahun merdeka : menilai semula perjuangan bangsa (Record no. 107738)

MARC details
000 -LEADER
fixed length control field 00510nam a2200181 i 4500
001 - CONTROL NUMBER
control field C2-0304610
003 - CONTROL NUMBER IDENTIFIER
control field PPAK
005 - DATE AND TIME OF LATEST TRANSACTION
control field 20180728085732.0
008 - FIXED-LENGTH DATA ELEMENTS--GENERAL INFORMATION
fixed length control field 100603s xx |||| ||||| | may d
040 ## - CATALOGING SOURCE
Original cataloging agency PPAK
Language of cataloging eng
Transcribing agency PPAK
Description conventions rda
100 0# - MAIN ENTRY--PERSONAL NAME
Personal name Abdul Rahman bin Ismail,
Titles and words associated with a name Prof. Madya
Relator term author
245 10 - TITLE STATEMENT
Title 50 tahun merdeka : menilai semula perjuangan bangsa
300 ## - PHYSICAL DESCRIPTION
Extent 22 pages ;
Dimensions 30 cm
336 ## - CONTENT TYPE
Source rdacontent
Content type term text
337 ## - MEDIA TYPE
Source rdamedia
Media type term unmediated
338 ## - CARRIER TYPE
Source rdacarrier
Carrier type term volume
942 ## - ADDED ENTRY ELEMENTS (KOHA)
-- dc
Koha item type Book
Holdings
Withdrawn Not for loan Current library Shelving location Date acquired Barcode Date last seen Koha item type
  Not For Loan Perpustakaan Merbok Koleksi Lembah Bujang 03/06/2010 A00510441 09/05/2018 Book